Settlements with no Settlement Further North with a Greater Population - Statistics

General Stats
  • This quiz has been taken 5 times
  • The average score is 6 of 15
Answer Stats
Latitude Population Answer % Correct
35°41′23″N 41,000,000 Tokyo
100%
55°45′21″N 21,500,000 Moscow
80%
70°39'48"N 7,900 Hammerfest
60%
60°10′15″N 1,600,000 Helsinki
60%
78°13′N 2,600 Longyearbyen
60%
68°58′14″N 270,000 Murmansk
60%
37°33′36″N 26,000,000 Seoul
60%
64°32′35″N 350,000 Arkhangelsk
40%
69°39′6″N 42,000 Tromsø
40%
82°30′N 65 Alert
20%
59°56′15″N 6,400,000 Saint Petersburg
20%
69°58'8"N 16,000 Alta
0%
71°58′47″N 3,450 Khatanga
0%
69°22′26"N 176,000 Norilsk
0%
71°39′N 4,500 Tiksi
0%
No matching quizzes found
Score Distribution
Percent of People with Each Score
Percentile by Number Answered
Your Score History
You have not taken this quiz